| 000 | 00494 a2200133 4500 | ||
|---|---|---|---|
| 020 | _a8178085585 | ||
| 040 |
_aDLC _bDLC |
||
| 100 | 1 | _aYalamanchili, Sudhakar. | |
| 245 | 1 | 0 |
_aIntroductory VHDL: from simulation to synthesis _bfrom simulation to synthesis _cSudhakar Yalamanchili. |
| 260 |
_aUpper Saddle River, NJ : _bPrentice Hall, _c2001. |
||
| 300 |
_a401 p. : _bill. + _e1 computer optical disk (4 3/4 in.) |
||
| 650 | 0 | _aVHDL (Computer hardware description language) | |
| 942 |
_cBK _k621.392 YAL _2ddc |
||
| 999 |
_c4776 _d4776 |
||